[Event "Lloyds Bank Masters 16th"]
[Site "London"]
[Date "1992.08.23"]
[Round "2"]
[White "Morris, Philip J"]
[Black "Timoscenko, Gennadij A"]
[Result "0-1"]
[WhiteElo "2370"]
[BlackElo "2515"]
[PlyCount "96"]
[EventDate "1992.08.22"]
[EventType "swiss"]
[EventRounds "10"]
[EventCountry "ENG"]
[SourceTitle "BritBase"]
[Source "John Saunders"]
[SourceDate "2023.12.16"]
[SourceVersion "1"]
[SourceVersionDate "2023.12.16"]
[SourceQuality "1"]

1. e4 c5 2. Nf3 d6 3. d4 cxd4 4. Nxd4 Nf6 5. Nc3 a6 6. Be3 e6 7. f3 Be7 8. Qd2
Nc6 9. O-O-O O-O 10. g4 Nxd4 11. Bxd4 b5 12. g5 Nd7 13. h4 b4 14. Ne2 Qa5 15.
Kb1 e5 16. Be3 Nc5 17. Nc1 Be6 18. Bh3 Rab8 19. g6 Na4 20. Nb3 Qc7 21. h5 Bc4
22. Bf5 a5 23. h6 fxg6 24. hxg7 Kxg7 25. Qh2 Rh8 26. Rdg1 Rbg8 27. Qg2 Kf7 28.
Bxg6+ hxg6 29. Rxh8 Qd8 30. Rh7+ Ke8 31. Qg4 Bf7 32. Rgh1 Bf6 33. Rd1 Qc7 34.
Bc1 Nc5 35. Rhh1 Nd7 36. Bg5 a4 37. Nc1 a3 38. Bxf6 Nxf6 39. Qg5 Nd7 40. Qe3
axb2 41. Nb3 Nb6 42. Rh7 Nc4 43. Qd3 Ke7 44. Rdh1 Qc6 45. Rh8 Rxh8 46. Rxh8 Qb6
47. Rh1 Qa7 48. c3 Qf2 0-1

[Event "Lloyds Bank Masters 16th"]
[Site "London"]
[Date "1992.08.23"]
[Round "2"]
[White "Pein, Malcolm"]
[Black "Brown, Simon D"]
[Result "1-0"]
[WhiteElo "2445"]
[BlackElo "2270"]
[PlyCount "83"]
[EventDate "1992.08.22"]
[EventType "swiss"]
[EventRounds "10"]
[EventCountry "ENG"]
[SourceTitle "BritBase"]
[Source "John Saunders"]
[SourceDate "2023.12.16"]
[SourceVersion "1"]
[SourceVersionDate "2023.12.16"]
[SourceQuality "1"]

1. d4 e6 2. e4 d5 3. Nc3 Bb4 4. e5 c5 5. a3 Bxc3+ 6. bxc3 Ne7 7. Nf3 Nbc6 8. a4
Qa5 9. Bd2 Bd7 10. Bb5 f6 11. Qe2 fxe5 12. Nxe5 Nxe5 13. Qxe5 Bxb5 14. c4 Qb6
15. dxc5 Qxc5 16. cxb5 O-O 17. Qxe6+ Kh8 18. O-O Nf5 19. Rae1 Qxc2 20. Bb4 Rfd8
21. Rb1 Nd4 22. Qe7 Ne2+ 23. Kh1 d4 24. Qxb7 d3 25. Rfd1 Rac8 26. Ba5 Nc3 27.
Bxc3 Qxc3 28. Qxa7 Re8 29. Qd7 Rcd8 30. Qc6 Qa5 31. Qf3 d2 32. h3 Re1+ 33. Kh2
Rxd1 34. Rxd1 h6 35. Qf4 Qc3 36. b6 Qc2 37. Qc7 Qxd1 38. Qxd8+ Kh7 39. Qd3+ g6
40. b7 Qxa4 41. b8=Q d1=Q 42. Qc7+ 1-0

[Event "Lloyds Bank Masters 16th"]
[Site "London"]
[Date "1992.08.23"]
[Round "2"]
[White "Perkins, Alan H"]
[Black "Levitt, Jonathan P"]
[Result "0-1"]
[WhiteElo "2260"]
[BlackElo "2455"]
[PlyCount "74"]
[EventDate "1992.08.22"]
[EventType "swiss"]
[EventRounds "10"]
[EventCountry "ENG"]
[SourceTitle "BritBase"]
[Source "John Saunders"]
[SourceDate "2023.12.16"]
[SourceVersion "1"]
[SourceVersionDate "2023.12.16"]
[SourceQuality "1"]

1. d4 d5 2. c4 c6 3. Nf3 Nf6 4. e3 a6 5. b3 Bg4 6. Be2 e6 7. O-O Nbd7 8. Bb2
Be7 9. Nbd2 O-O 10. Bd3 Qb8 11. Qc2 Bh5 12. Ne5 Nxe5 13. dxe5 Nd7 14. f4 Bg6
15. Bxg6 hxg6 16. e4 dxc4 17. Nxc4 b5 18. Nd6 Bxd6 19. exd6 Qxd6 20. Rac1 Rfc8
21. Qc3 Qf8 22. f5 gxf5 23. exf5 e5 24. f6 Nxf6 25. Qxe5 Re8 26. Qg5 Ne4 27.
Qg4 c5 28. Rf5 f6 29. Rh5 Qd6 30. Qh4 Kf7 31. Rh7 Qd5 32. Rf1 Re6 33. Qg4 Qg5
34. Qf3 Rae8 35. Rh5 Qd2 36. Bc1 Qc3 37. Qf4 c4 0-1

[Event "Lloyds Bank Masters 16th"]
[Site "London"]
[Date "1992.08.23"]
[Round "2"]
[White "Saunders, John C"]
[Black "Tozer, Richard JD"]
[Result "1-0"]
[WhiteElo "2160"]
[BlackElo "2340"]
[PlyCount "73"]
[EventDate "1992.08.22"]
[EventType "swiss"]
[EventRounds "10"]
[EventCountry "ENG"]
[SourceTitle "John Saunders"]
[Source "BritBase"]
[SourceDate "2021.01.09"]
[SourceVersion "1"]
[SourceVersionDate "2021.01.09"]
[SourceQuality "1"]

1. e4 c5 2. c3 b6 3. d4 Bb7 4. Bd3 Nf6 5. Qe2 cxd4 6. cxd4 Nc6 7. Nf3 Nb4 8.
Nc3 Nxd3+ 9. Qxd3 e6 10. O-O Be7 11. Re1 O-O 12. Bg5 h6 13. Bh4 Rc8 14. Rac1 a6
15. a3 b5 16. Nd2 d6 17. h3 Nd7 18. Bxe7 Qxe7 19. Qg3 Nb6 20. Rcd1 Nc4 21. Nxc4
Rxc4 22. d5 e5 23. Qe3 Rb8 24. Rc1 Bc8 25. Na2 a5 26. b3 Rd4 27. Nc3 f5 28.
exf5 Qf8 29. f6 gxf6 30. Ne4 f5 31. Rc7 f4 32. Qf3 Bf5 33. g3 fxg3 34. Qxg3+
Kh8 35. Nxd6 Bxh3 36. Qxe5+ Kg8 37. Qxd4 1-0

[Event "Lloyds Bank Masters 16th"]
[Site "London"]
[Date "1992.08.23"]
[Round "2"]
[White "Thiel, Thomas"]
[Black "Wells, Peter K"]
[Result "0-1"]
[WhiteElo "2300"]
[BlackElo "2455"]
[PlyCount "40"]
[EventDate "1992.08.22"]
[EventType "swiss"]
[EventRounds "10"]
[EventCountry "ENG"]
[SourceTitle "BritBase"]
[Source "John Saunders"]
[SourceDate "2023.12.16"]
[SourceVersion "1"]
[SourceVersionDate "2023.12.16"]
[SourceQuality "1"]

1. e4 e5 2. Nf3 Nc6 3. d4 exd4 4. Nxd4 Bc5 5. Be3 Qf6 6. c3 Nge7 7. Bc4 b6 8.
O-O Bb7 9. b4 Nxd4 10. cxd4 Bxb4 11. a3 Ba5 12. d5 O-O 13. Ra2 c6 14. d6 Nc8
15. f4 Qxd6 16. e5 Qxd1 17. Rxd1 Rd8 18. Bd2 d5 19. Bxa5 bxa5 20. Nc3 Nb6 0-1

[Event "Lloyds Bank Masters 16th"]
[Site "London"]
[Date "1992.08.23"]
[Round "2"]
[White "Thurlow, Kevin J"]
[Black "Joseph, Stephen Mario"]
[Result "0-1"]
[WhiteElo "2095"]
[BlackElo "2250"]
[PlyCount "54"]
[EventDate "1992.08.22"]
[EventType "swiss"]
[EventRounds "10"]
[EventCountry "ENG"]
[SourceTitle "Thurlow, Kevin"]

1. c4 Nf6 2. Nc3 e5 3. Nf3 Nc6 4. e3 d6 5. d4 Be7 6. Be2 O-O 7. O-O Bg4 8. h3
Bf5 9. Nh4 Bc8 10. Nf3 Re8 11. d5 Nb8 12. e4 Nbd7 13. Qc2 a5 14. Be3 Nh5 15.
Nxe5 Nxe5 16. Bxh5 Nxc4 17. Nb5 Nxe3 18. fxe3 Rf8 19. Nxc7 Rb8 20. Nb5 g6 21.
Bf3 Bd7 22. Nd4 Bg5 23. Qf2 Qe7 24. Rfe1 Rbe8 25. Rad1 f5 26. Ne6 $4 Bxe6 27.
dxe6 fxe4 0-1

[Event "Lloyds Bank Masters 16th"]
[Site "London"]
[Date "1992.08.23"]
[Round "2"]
[White "Lane, Gary William"]
[Black "Chandler, Murray G"]
[Result "0-1"]
[WhiteElo "2420"]
[BlackElo "2575"]
[PlyCount "82"]
[EventDate "1992.08.22"]
[EventType "swiss"]
[EventRounds "10"]
[EventCountry "ENG"]
[SourceTitle "ChessBase 2017"]
[Source "ChessBase"]
[SourceDate "1990.06.01"]
[SourceVersion "1"]
[SourceVersionDate "1990.06.01"]
[SourceQuality "1"]

1. e4 c6 2. d4 d5 3. Nd2 dxe4 4. Nxe4 Bf5 5. Nc5 Qb6 6. Nb3 Nf6 7. Nf3 e6 8.
Ne5 Nbd7 9. g4 Bg6 10. Bg2 Nxe5 11. dxe5 Nd5 12. a3 O-O-O 13. Qe2 h5 14. g5 h4
15. Be4 Bxe4 16. Qxe4 Bc5 17. Rf1 Rd7 18. Bd2 Be7 19. O-O-O g6 20. f4 Qa6 21.
Rf3 Rhd8 22. Rd3 c5 23. c4 Nb6 24. Be3 Qxc4+ 25. Qxc4 Nxc4 26. Rxd7 Rxd7 27.
Rxd7 Kxd7 28. Bf2 Kc6 29. Bxh4 Kd5 30. Bf2 b6 31. Kc2 Ke4 32. Kc3 Ne3 33. Bg3
Nd5+ 34. Kc4 a6 35. Nd2+ Ke3 36. Nb1 b5+ 37. Kb3 c4+ 38. Kc2 Nxf4 39. h4 Nd5
40. Nd2 Ke2 41. Ne4 Kf3 0-1

[Event "Lloyds Bank Masters 16th"]
[Site "London"]
[Date "1992.08.24"]
[Round "3"]
[White "Barua, Dibyendu"]
[Black "Saunders, John C"]
[Result "1-0"]
[WhiteElo "2550"]
[BlackElo "2160"]
[PlyCount "51"]
[EventDate "1992.08.22"]
[EventType "swiss"]
[EventRounds "10"]
[EventCountry "ENG"]
[SourceTitle "John Saunders"]
[Source "BritBase"]
[SourceDate "2021.01.09"]
[SourceVersion "1"]
[SourceVersionDate "2021.01.09"]
[SourceQuality "1"]

1. e4 c6 2. d4 d5 3. exd5 cxd5 4. Bd3 Nc6 5. c3 Qc7 6. h3 g6 7. Nf3 Nh6 8. O-O
Bf5 9. Re1 Bxd3 10. Qxd3 Nf5 11. Na3 a6 12. Nc2 Bg7 13. g4 Nh6 14. Ne3 O-O-O
15. Ng2 Ng8 16. Bf4 Qd7 17. b4 h5 18. b5 axb5 19. Qxb5 e5 20. dxe5 hxg4 21.
hxg4 Qxg4 22. Rab1 Qd7 23. e6 fxe6 24. Qa4 e5 25. Qa8+ Nb8 26. Nxe5 {Time : 0.
59-1.48} 1-0

[Event "Lloyds Bank Masters 16th"]
[Site "London"]
[Date "1992.08.24"]
[Round "3"]
[White "Corkett, Anthony R"]
[Black "Tsang, Hon Ki"]
[Result "1-0"]
[WhiteElo "2340"]
[BlackElo "2225"]
[PlyCount "107"]
[EventDate "1992.08.22"]
[EventType "swiss"]
[EventRounds "10"]
[EventCountry "ENG"]
[SourceTitle "BritBase"]
[Source "John Saunders"]
[SourceDate "2023.12.16"]
[SourceVersion "1"]
[SourceVersionDate "2023.12.16"]
[SourceQuality "1"]

1. c4 c6 2. Nf3 f5 3. Qc2 g6 4. Nc3 Na6 5. a3 d6 6. d4 Bg7 7. e4 e6 8. Bd3 Nh6
9. h4 Nf7 10. h5 Bd7 11. Bd2 Qe7 12. O-O-O O-O-O 13. Rde1 Qf8 14. Na4 c5 15. d5
exd5 16. exd5 Ne5 17. Nxe5 Bxe5 18. Nc3 Kb8 19. Ne2 Nc7 20. f4 Bg7 21. Ng1 Re8
22. Nf3 Rxe1+ 23. Bxe1 Qe8 24. Bd2 Ba4 25. b3 Bd7 26. Ng5 Qe7 27. h6 Bf6 28.
Re1 Qf8 29. g3 Bd4 30. Bc3 Bxc3 31. Qxc3 Rg8 32. Nxh7 Qxh6 33. Ng5 Qg7 34. Qxg7
Rxg7 35. Rh1 Be8 36. Rh8 Re7 37. Kd2 b6 38. Nf3 Kb7 39. Nh4 Rg7 40. Ke3 g5 41.
Nxf5 gxf4+ 42. Kxf4 Rg6 43. Rh6 Rxh6 44. Nxh6 Kc8 45. Kg5 b5 46. Kf6 a5 47. Nf7
Bxf7 48. Kxf7 a4 49. bxa4 b4 50. axb4 cxb4 51. g4 Na6 52. g5 Nc5 53. Bf5+ Kc7
54. g6 1-0

[Event "Lloyds Bank Masters 16th"]
[Site "London"]
[Date "1992.08.24"]
[Round "3"]
[White "El Assiouti, Sheriff"]
[Black "Forbes, Cathy"]
[Result "0-1"]
[WhiteElo "2385"]
[BlackElo "2125"]
[PlyCount "90"]
[EventDate "1992.08.22"]
[EventType "swiss"]
[EventRounds "10"]
[EventCountry "ENG"]
[SourceTitle "BritBase"]
[Source "John Saunders"]
[SourceDate "2023.12.16"]
[SourceVersion "1"]
[SourceVersionDate "2023.12.16"]
[SourceQuality "1"]

1. d4 d5 2. c4 c6 3. Nc3 Nf6 4. cxd5 cxd5 5. Bf4 Qb6 6. Qd2 Nc6 7. e3 Bf5 8.
Bb5 Rc8 9. Nf3 Ne4 10. Qe2 a6 11. Bxc6+ Rxc6 12. O-O Nxc3 13. bxc3 Rxc3 14.
Rac1 Rxc1 15. Rxc1 g6 16. Bc7 Qb4 17. Be5 f6 18. Bg3 Bg7 19. h3 O-O 20. Rc5
Qb1+ 21. Kh2 Rc8 22. Rxc8+ Bxc8 23. Qd2 Qb5 24. Qc3 Qc6 25. Qb3 b5 26. e4 Qc4
27. exd5 Qxb3 28. axb3 Bf8 29. Ne1 a5 30. Nc2 Bb7 31. Bc7 a4 32. bxa4 bxa4 33.
Nb4 a3 34. Bf4 Bxd5 35. Bc1 a2 36. Bb2 Bc4 37. Nc2 Kf7 38. Kg3 Ke6 39. f3 Kd6
40. Kf2 Bh6 41. Ne3 Bb3 42. Ke2 Bf4 43. Kd3 e5 44. Ng4 Ke6 45. dxe5 f5 0-1

[Event "Lloyds Bank Masters 16th"]
[Site "London"]
[Date "1992.08.24"]
[Round "3"]
[White "Hodgson, Julian M"]
[Black "Quinn, Mark"]
[Result "1-0"]
[WhiteElo "2535"]
[BlackElo "2275"]
[PlyCount "39"]
[EventDate "1992.08.22"]
[EventType "swiss"]
[EventRounds "10"]
[EventCountry "ENG"]
[SourceTitle "BritBase"]
[Source "John Saunders"]
[SourceDate "2023.12.16"]
[SourceVersion "1"]
[SourceVersionDate "2023.12.16"]
[SourceQuality "1"]

1. d4 Nf6 2. Bg5 Ne4 3. h4 c5 4. d5 d6 5. Qd3 Qa5+ 6. Nd2 Nxg5 7. hxg5 g6 8. e4
Bg7 9. c3 Qc7 10. f4 Nd7 11. a4 b6 12. Ngf3 Rb8 13. Qc2 a6 14. c4 b5 15. cxb5
Qa5 16. Kf2 axb5 17. Bxb5 h6 18. Nc4 Qb4 19. e5 Rxb5 20. axb5 1-0

[Event "Lloyds Bank Masters 16th"]
[Site "London"]
[Date "1992.08.24"]
[Round "3"]
[White "Levitt, Jonathan P"]
[Black "Hebden, Mark L"]
[Result "1/2-1/2"]
[WhiteElo "2455"]
[BlackElo "2510"]
[PlyCount "46"]
[EventDate "1992.08.22"]
[EventType "swiss"]
[EventRounds "10"]
[EventCountry "ENG"]
[SourceTitle "BritBase"]
[Source "John Saunders"]
[SourceDate "2023.12.16"]
[SourceVersion "1"]
[SourceVersionDate "2023.12.16"]
[SourceQuality "1"]

1. d4 Nf6 2. c4 g6 3. Nc3 Bg7 4. e4 d6 5. f3 O-O 6. Be3 c5 7. dxc5 dxc5 8. Qxd8
Rxd8 9. Bxc5 Nc6 10. Be3 b6 11. Rc1 Nd7 12. Nh3 Bb7 13. Nf2 Nc5 14. Bxc5 bxc5
15. Nd3 Bd4 16. Na4 Nb4 17. Naxc5 Nxa2 18. Nxb7 Nxc1 19. Nxd8 Nxd3+ 20. Bxd3
Rxd8 21. b3 e5 22. Ke2 a5 23. Rc1 Bc5 1/2-1/2

[Event "Lloyds Bank Masters 16th"]
[Site "London"]
[Date "1992.08.24"]
[Round "3"]
[White "Murshed, Niaz"]
[Black "Pein, Malcolm"]
[Result "1-0"]
[WhiteElo "2505"]
[BlackElo "2445"]
[PlyCount "61"]
[EventDate "1992.08.22"]
[EventType "swiss"]
[EventRounds "10"]
[EventCountry "ENG"]
[SourceTitle "BritBase"]
[Source "John Saunders"]
[SourceDate "2023.12.16"]
[SourceVersion "1"]
[SourceVersionDate "2023.12.16"]
[SourceQuality "1"]

1. d4 Nf6 2. c4 g6 3. Nc3 d5 4. Nf3 Bg7 5. Bg5 Ne4 6. cxd5 Nxg5 7. Nxg5 e6 8.
Qd2 Bh6 9. f4 exd5 10. Qe3+ Kf8 11. h4 c6 12. O-O-O Nd7 13. g3 Nf6 14. Bh3 Bxh3
15. Nxh3 Qd7 16. Nf2 Ng4 17. Nxg4 Qxg4 18. Qe5 Kg8 19. h5 Qxg3 20. e3 Bg7 21.
Qe7 Bf8 22. Qxb7 Qxe3+ 23. Kb1 Qe8 24. Rc1 Bd6 25. f5 gxf5 26. h6 Kf8 27. Rhe1
Qc8 28. Qxc8+ Rxc8 29. Nxd5 Rb8 30. Nf6 Rb6 31. Rxc6 1-0

[Event "Lloyds Bank Masters 16th"]
[Site "London"]
[Date "1992.08.24"]
[Round "3"]
[White "Norman, Kenneth I"]
[Black "Volzhin, Alexander"]
[Result "0-1"]
[WhiteElo "2210"]
[BlackElo "2405"]
[PlyCount "86"]
[EventDate "1992.08.22"]
[EventType "swiss"]
[EventRounds "10"]
[EventCountry "ENG"]
[SourceTitle "BritBase"]
[Source "John Saunders"]
[SourceDate "2023.12.16"]
[SourceVersion "1"]
[SourceVersionDate "2023.12.16"]
[SourceQuality "1"]

1. Nf3 Nf6 2. c4 g6 3. d4 Bg7 4. g3 O-O 5. Bg2 d6 6. Nc3 Nbd7 7. O-O e5 8. e4
exd4 9. Nxd4 Re8 10. h3 Nc5 11. Re1 Bd7 12. Nb3 Nxb3 13. axb3 Qc8 14. Kh2 Re5
15. Bf4 Rh5 16. h4 h6 17. Kg1 Bg4 18. Qd2 Bh3 19. Bf3 Bg4 20. Bg2 Kh7 21. e5
dxe5 22. Rxe5 Rxe5 23. Bxe5 c6 24. Qd4 Qf5 25. Ne4 Nxe4 26. Bxg7 Nc5 27. Qc3
Rd8 28. Bd4 Rxd4 29. Qxd4 Nxb3 30. Qxa7 Nxa1 31. Qxa1 Qc2 32. Qa7 Qxb2 33. c5
Be6 34. Qb8 Qc1+ 35. Kh2 Qxc5 36. Qxb7 Bd5 37. Bxd5 Qxd5 38. Kg1 Qd1+ 39. Kg2
Qd5+ 40. Kg1 Qe6 41. Qc7 Kg7 42. Qa7 Qe1+ 43. Kg2 Qc3 0-1

[Event "Lloyds Bank Masters 16th"]
[Site "London"]
[Date "1992.08.24"]
[Round "3"]
[White "Rossiter, Philip J"]
[Black "Norwood, David Robert"]
[Result "0-1"]
[WhiteElo "2280"]
[BlackElo "2510"]
[PlyCount "94"]
[EventDate "1992.08.22"]
[EventType "swiss"]
[EventRounds "10"]
[EventCountry "ENG"]
[SourceTitle "BritBase"]
[Source "John Saunders"]
[SourceDate "2023.12.16"]
[SourceVersion "1"]
[SourceVersionDate "2023.12.16"]
[SourceQuality "1"]

1. d4 d6 2. c4 e5 3. Nf3 Nd7 4. Nc3 g6 5. Bg5 f6 6. Bh4 Ne7 7. e4 Bg7 8. c5
exd4 9. Nxd4 Nxc5 10. Bc4 Nc6 11. f4 Nxd4 12. Qxd4 Be6 13. O-O Qd7 14. f5 Bxc4
15. Qxc4 O-O-O 16. b4 Na4 17. Rac1 Nb6 18. Qd4 Rde8 19. a4 Kb8 20. Nb5 c6 21.
Qxd6+ Qxd6 22. Nxd6 Re7 23. e5 Rxe5 24. Nf7 Rhe8 25. Nxe5 fxe5 26. f6 Bf8 27.
f7 Re6 28. b5 Nd5 29. Bg3 Kc7 30. Rce1 Kd6 31. Rxe5 Rxe5 32. Re1 Ke6 33. Bxe5
Kxf7 34. bxc6 bxc6 35. Rc1 c5 36. Bb8 Bh6 37. Rb1 c4 38. g3 c3 39. Bf4 Nxf4 40.
gxf4 Bxf4 41. Rf1 g5 42. Rf2 Ke6 43. Kf1 Kd5 44. Ke1 Ke4 45. Kd1 Kd3 46. h4 Be3
47. Rh2 g4 0-1

[Event "Lloyds Bank Masters 16th"]
[Site "London"]
[Date "1992.08.24"]
[Round "3"]
[White "Timoscenko, Gennadij A"]
[Black "Davies, Nigel Rodney"]
[Result "1/2-1/2"]
[WhiteElo "2515"]
[BlackElo "2460"]
[PlyCount "77"]
[EventDate "1992.08.22"]
[EventType "swiss"]
[EventRounds "10"]
[EventCountry "ENG"]
[SourceTitle "BritBase"]
[Source "John Saunders"]
[SourceDate "2023.12.16"]
[SourceVersion "1"]
[SourceVersionDate "2023.12.16"]
[SourceQuality "1"]

1. d4 Nf6 2. c4 e6 3. Nc3 Bb4 4. Qc2 c5 5. dxc5 O-O 6. Nf3 Na6 7. Bg5 Nxc5 8.
Nd2 Qa5 9. Bxf6 gxf6 10. Ndb1 Na4 11. e3 b6 12. Be2 Bb7 13. O-O Bxc3 14. Nxc3
Nxc3 15. bxc3 Qg5 16. g3 Kh8 17. Rfd1 Bc6 18. Rd4 f5 19. Qd1 Rac8 20. Bf3 Qf6
21. Bxc6 Rxc6 22. Qa4 a5 23. Rad1 Rfc8 24. Qb5 Kg8 25. R1d3 d6 26. Rxd6 Rxd6
27. Rxd6 Qxc3 28. Rd4 Rc5 29. Qxb6 Rxc4 30. Rxc4 Qxc4 31. Qxa5 Qc1+ 32. Kg2
Qc6+ 33. Kf1 Qc4+ 34. Ke1 Qc1+ 35. Ke2 Qb2+ 36. Kf1 Qb1+ 37. Ke2 Qb2+ 38. Kf1
Qb1+ 39. Ke2 1/2-1/2

[Event "Lloyds Bank Masters 16th"]
[Site "London"]
[Date "1992.08.24"]
[Round "3"]
[White "Naylor, John"]
[Black "Thurlow, Kevin J"]
[Result "1-0"]
[WhiteElo "2265"]
[BlackElo "2095"]
[PlyCount "45"]
[EventDate "1992.08.22"]
[EventType "swiss"]
[EventRounds "10"]
[EventCountry "ENG"]
[SourceTitle "Thurlow, Kevin"]

1. e4 c5 2. Nf3 e6 3. d4 cxd4 4. Nxd4 Nc6 5. Nc3 a6 6. Be2 Qc7 7. O-O Nf6 8.
Be3 Be7 9. f4 d6 10. Qe1 Nxd4 11. Bxd4 e5 12. fxe5 dxe5 13. Qg3 Be6 14. Bxe5
Qc5+ 15. Kh1 h5 16. Bf4 h4 17. Qe3 Qc6 18. Rad1 h3 19. g3 Bc5 20. Qd3 Ng4 21.
Nd5 O-O 22. b4 Bxd5 23. exd5 1-0

[Event "Lloyds Bank Masters 16th"]
[Site "London"]
[Date "1992.08.24"]
[Round "3"]
[White "Parker, Jonathan F"]
[Black "Freeman, Michael Joseph"]
[Result "1/2-1/2"]
[WhiteElo "2370"]
[BlackElo "2230"]
[PlyCount "79"]
[EventDate "1992.08.22"]
[EventType "swiss"]
[EventRounds "10"]
[EventCountry "ENG"]
[SourceTitle "chessgamesdotcom"]
[Source "Chessgames.com"]
[SourceDate "2023.12.28"]
[SourceVersion "1"]
[SourceVersionDate "2023.12.28"]
[SourceQuality "1"]

1. d4 d5 2. c4 c6 3. Nf3 Nf6 4. e3 e6 5. Bd3 Nbd7 6. O-O dxc4 7. Bxc4 Bd6 8.
Nc3 O-O 9. e4 e5 10. Bg5 exd4 11. Qxd4 Bc5 12. Qd3 Be7 13. e5 Nh5 14. Qe3 Nb6
15. Bb3 Be6 16. Rad1 Bxg5 17. Nxg5 Qe7 18. Bc2 g6 19. b3 Nd5 20. Nxd5 Bxd5 21.
Rfe1 f6 22. exf6 Qxf6 23. Ne4 Qf5 24. f3 Nf4 25. Rd2 Rae8 26. Red1 Bxe4 27.
fxe4 Qg5 28. Kh1 Rd8 29. g3 Rxd2 30. Qxd2 Nh3 31. Qxg5 Nxg5 32. Kg2 Nf3 33. b4
Ne5 34. Bb3+ Kg7 35. h3 g5 36. Rd6 Rf6 37. Rd8 Rf8 38. Rd6 Rf6 39. Rd8 Rf8 40.
Rd6 {Source: chessgames.com} 1/2-1/2

[Event "Lloyds Bank Masters 16th"]
[Site "London"]
[Date "1992.08.25"]
[Round "4"]
[White "Arkell, Keith C"]
[Black "Timoscenko, Gennadij A"]
[Result "0-1"]
[WhiteElo "2460"]
[BlackElo "2515"]
[PlyCount "92"]
[EventDate "1992.08.22"]
[EventType "swiss"]
[EventRounds "10"]
[EventCountry "ENG"]
[SourceTitle "BritBase"]
[Source "John Saunders"]
[SourceDate "2023.12.16"]
[SourceVersion "1"]
[SourceVersionDate "2023.12.16"]
[SourceQuality "1"]

1. d4 Nf6 2. Nf3 g6 3. c4 Bg7 4. Nc3 O-O 5. g3 d6 6. Bg2 Nc6 7. O-O Bf5 8. b3
Ne4 9. Bb2 Nxc3 10. Bxc3 Be4 11. Qd2 e6 12. Rfd1 d5 13. Rac1 Ne7 14. cxd5 exd5
15. Bb4 c6 16. Bxe7 Qxe7 17. b4 a5 18. bxa5 Qc7 19. Ne1 Qxa5 20. Qxa5 Rxa5 21.
Bxe4 dxe4 22. Rc2 Rd8 23. e3 c5 24. d5 Bf8 25. f3 Ra3 26. Kf2 f5 27. Rb1 Rd7
28. Rb6 Bd6 29. fxe4 fxe4 30. Rbb2 Kf7 31. Rc4 Re7 32. Ke2 Kf6 33. Nc2 Ra5 34.
a4 Ke5 35. Na3 Kxd5 36. Rd2+ Kc6 37. Nb5 Bc7 38. Nc3 b6 39. Nxe4 Be5 40. Rd8
Rea7 41. Re8 Kd5 42. Kd3 Rxa4 43. Rd8+ Kc6 44. Rc8+ Kd7 45. Rf8 Ke7 46. Rxa4
Rxa4 0-1

[Event "Lloyds Bank Masters 16th"]
[Site "London"]
[Date "1992.08.25"]
[Round "4"]
[White "Bronstein, David I"]
[Black "Shcherbakov, Ruslan"]
[Result "0-1"]
[WhiteElo "2415"]
[BlackElo "2530"]
[PlyCount "88"]
[EventDate "1992.08.22"]
[EventType "swiss"]
[EventRounds "10"]
[EventCountry "ENG"]
[SourceTitle "BritBase"]
[Source "John Saunders"]
[SourceDate "2023.12.16"]
[SourceVersion "1"]
[SourceVersionDate "2023.12.16"]
[SourceQuality "1"]

1. d4 d5 2. c4 c6 3. cxd5 cxd5 4. Nf3 Nf6 5. Nc3 Nc6 6. Bf4 e6 7. e3 Nh5 8. Bg5
Qb6 9. Rb1 h6 10. Bh4 g5 11. Nd2 Ng7 12. Bg3 Nf5 13. b4 Bg7 14. Bd3 Nxg3 15.
hxg3 Qd8 16. f4 Bd7 17. a3 Kf8 18. Nb3 Be8 19. Qf3 Kg8 20. Kd2 Rc8 21. f5 e5
22. Nxd5 exd4 23. f6 Ne5 24. Qe4 dxe3+ 25. Ke2 Bxf6 26. Rhf1 Bg7 27. Rbd1 Bc6
28. Bc4 b5 29. Nd4 bxc4 30. Nf5 Bxd5 31. Rxd5 Qc7 32. Rc5 Qd7 33. Rxc8+ Bf8 34.
Rxf8+ Kxf8 35. Qxe5 Qd3+ 36. Kf3 Qxf1+ 37. Kg4 Qd1+ 38. Kh3 Qh1+ 39. Kg4 Qd1+
40. Kh3 Qh1+ 41. Kg4 Qd1+ 42. Kh3 Qh5+ 43. Nh4 g4+ 44. Kh2 Qxe5 0-1

[Event "Lloyds Bank Masters 16th"]
[Site "London"]
[Date "1992.08.25"]
[Round "4"]
[White "Chatterjee, Laltu"]
[Black "Crouch, Colin S"]
[Result "0-1"]
[WhiteElo "2290"]
[BlackElo "2425"]
[PlyCount "56"]
[EventDate "1992.08.22"]
[EventType "swiss"]
[EventRounds "10"]
[EventCountry "ENG"]
[SourceTitle "BritBase"]
[Source "John Saunders"]
[SourceDate "2023.12.16"]
[SourceVersion "1"]
[SourceVersionDate "2023.12.16"]
[SourceQuality "1"]

1. e4 e6 2. d4 d5 3. exd5 exd5 4. Bd3 Nc6 5. c3 Bd6 6. Ne2 Nce7 7. Bf4 Ng6 8.
Bxd6 Qxd6 9. Nd2 N8e7 10. Qc2 Bg4 11. f3 Bd7 12. O-O Nh4 13. Ng3 O-O-O 14. Nb3
f5 15. f4 g5 16. fxg5 h6 17. g6 f4 18. g7 Rhg8 19. Nh5 f3 20. gxf3 Nef5 21.
Bxf5 Bxf5 22. Qf2 Qg6+ 23. Ng3 Bh3 24. Rfe1 Rxg7 25. Nd2 Rf8 26. Re3 Ng2 27.
Rae1 Nxe1 28. Qxe1 h5 0-1

[Event "Lloyds Bank Masters 16th"]
[Site "London"]
[Date "1992.08.25"]
[Round "4"]
[White "Davies, Nigel Rodney"]
[Black "Barua, Dibyendu"]
[Result "1-0"]
[WhiteElo "2460"]
[BlackElo "2550"]
[PlyCount "63"]
[EventDate "1992.08.22"]
[EventType "swiss"]
[EventRounds "10"]
[EventCountry "ENG"]
[SourceTitle "BritBase"]
[Source "John Saunders"]
[SourceDate "2023.12.16"]
[SourceVersion "1"]
[SourceVersionDate "2023.12.16"]
[SourceQuality "1"]

1. e4 e5 2. Nf3 Nf6 3. Nxe5 d6 4. Nf3 Nxe4 5. Qe2 Qe7 6. d3 Nc5 7. Nc3 c6 8. d4
Qxe2+ 9. Bxe2 Ne6 10. d5 Nc7 11. Bf4 cxd5 12. O-O-O Be6 13. Nd4 Nc6 14. Ndb5
Nxb5 15. Bxb5 a6 16. Ba4 d4 17. Ne2 b5 18. Bb3 g5 19. Bxg5 Bg7 20. Nf4 Bxb3 21.
axb3 O-O 22. Nd5 a5 23. Rd3 a4 24. Rhd1 Ne5 25. Rxd4 axb3 26. cxb3 f5 27. Kb1
Ra7 28. Rb4 Ng4 29. f3 Ne5 30. Rxb5 Nc6 31. Rb6 Nd4 32. Be3 1-0